Biggest Trading Partners - Germany - Statistics

General Stats
  • This quiz has been taken 70,851 times
    29,131 since last reset
  • The average score is 16 of 18
Answer Stats
Exports Imports Country % Correct
171 bil 99.4 bil United States
100%
105 bil 168 bil China
98%
126 bil 74.4 bil France
98%
84.7 bil 39.7 bil United Kingdom
98%
91.4 bil 76.8 bil Italy
96%
57.5 bil 41.7 bil Spain
96%
96.4 bil 87.0 bil Poland
95%
119 bil 106 bil Netherlands
91%
31.7 bil Sweden
91%
83.0 bil 56.4 bil Austria
90%
65.1 bil 54.1 bil Belgium
89%
23.6 bil Denmark
89%
35.4 bil Japan
89%
72.7 bil 56.9 bil Switzerland
89%
55.9 bil 65.3 bil Czech Republic
81%
33.1 bil 27.4 bil Turkey
80%
27.6 bil Ireland
75%
34.1 bil 39.8 bil Hungary
70%
No matching quizzes found
Score Distribution
Percent of People with Each Score
Percentile by Number Answered
Your Score History
You have not taken this quiz since the last reset